| 000 | 01263cam a2200277 4500 | ||
|---|---|---|---|
| 001 | ##L132243 | ||
| 002 | ##9002 | ||
| 008 | 060120n2006 000 0 eng u | ||
| 020 |
_a1405130121 (print) _a9781405130127 (online) |
||
| 035 | _a(Sirsi) u132243 | ||
| 041 | 0 | _aeng | |
| 050 | 0 | 0 | _a690.068 $2 2 |
| 100 | 1 | _aSmith, Nigel | |
| 245 | 0 | 0 | _aManaging risk in construction projects |
| 250 | _a2nd ed. | ||
| 260 |
_aOxford _bBlackwell Publishing _c2006 |
||
| 300 |
_axii, 239p. _c24cm. |
||
| 350 | _a37.50 | ||
| 520 | _aExamines how risk management methods can empower the decision-making of the project manager by analysing the various concepts involved regarding corporate, strategic business and project level risk. The author describes how tools and techniques can be applied in analysing risk, within the context of a construction project. This guidance book also includes the input of the Turnbull report on making risk management part of companies' management processes. | ||
| 590 | _aIKA310106 | ||
| 650 | 2 | 4 | _aINTERNAL CONTROL: GUIDANCE FOR DIRECTORS ON THE COMBINED CODE |
| 690 | _aMANAGEMENT-HEALTH AND SAFETY-HEALTH AND SAFETY RISK MANAGEMENT-PROJECT RISK MANAGEMENT | ||
| 700 | 1 | _aMerna, Tony | |
| 700 | 1 | _aJobling, Paul | |
| 942 | _n0 | ||
| 999 |
_c105068 _d105068 |
||